Green Day - Chansons les plus écoutées - Statistiques

Statistiques générales
  • Ce quiz a été pris 25 fois
  • Le résultat moyen est 9 sur 20
Statistiques - réponses
Chansons Vues % Correct
1 Boulevard of Broken Dreams 917 309 856
90%
4 American Idiot 286 136 946
85%
2 21 Guns 651 514 339
80%
7 Holiday 145 591 857
80%
3 Basket Case 403 359 705
75%
9 Jesus of Suburbia 71 261 830
65%
5 Wake Me Up When September Ends 234 934 200
65%
6 When I Come Around 149 941 785
60%
18 Welcome To Paradise 23 507 723
55%
8 Good Riddance 116 658 519
45%
12 Know Your Enemy 34 043 904
45%
11 Brain Stew / Jaded 38 199 725
30%
20 Longview 22 689 805
30%
15 Minority 29 037 631
25%
10 Oh Love 49 700 550
25%
13 21st Century Breakdown 33 665 991
20%
17 Bang Bang 26 699 299
20%
16 Still Breathing 28 236 518
15%
14 Stray Heart 29 455 312
15%
19 Waiting 23 426 092
15%
Aucun quiz correspondant
Distribution des résultats
% des personnes avec chaque résultat
Percentile par nombre de réponses
Votre historique - résultats
Vous n’avez pas pris ce quiz